[Event "Andalucia-ch U12"]
[Site "Huelva"]
[Date "2014.04.26"]
[Round "5.5"]
[White "Martin Gonzalez, Luis Miguel"]
[Black "Romero Cruz, Juan"]
[Result "0-1"]
[WhiteElo "1257"]
[BlackElo "1492"]
[PlyCount "40"]
[EventDate "2014.04.25"]
[EventType "swiss"]
[EventRounds "9"]
[EventCountry "ESP"]
[SourceTitle "EXT 2024"]
[Source "ChessBase"]
[SourceDate "2023.10.10"]
[SourceVersion "1"]
[SourceVersionDate "2023.10.10"]
[SourceQuality "1"]

1. d4 Nf6 2. c4 c5 3. d5 b5 4. b3 bxc4 5. bxc4 a5 6. Bf4 d6 7. Nf3 g6 8. Nc3 Bg7 9. Rc1 Ba6 10. e4 Nbd7 11. Qa4 0-0 12. Be2 Nb6 13. Qb3 Rb8 14. a4 Nxc4 15. Qa2 Rb2 16. Qa1 Nxe4 17. Bxc4 Qb6 18. Bd2 Bxc4 19. Kd1 Nxc3+ 20. Bxc3 Bxc3 0-1

[Event "Andalucia-ch U12"]
[Site "Huelva"]
[Date "2014.04.26"]
[Round "6.4"]
[White "Romero Cruz, Juan"]
[Black "Pozo Prior, Jose Antonio"]
[Result "1-0"]
[WhiteElo "1492"]
[BlackElo "1489"]
[PlyCount "40"]
[EventDate "2014.04.25"]
[EventType "swiss"]
[EventRounds "9"]
[EventCountry "ESP"]
[SourceTitle "EXT 2024"]
[Source "ChessBase"]
[SourceDate "2023.10.10"]
[SourceVersion "1"]
[SourceVersionDate "2023.10.10"]
[SourceQuality "1"]

1. e4 c5 2. Nf3 e6 3. d4 cxd4 4. Nxd4 Nf6 5. Bd3 d6 6. 0-0 Be7 7. Be3 0-0 8. Nc3 a6 9. f4 Nc6 10. Qf3 Nxd4 11. Bxd4 e5 12. Be3 b5 13. f5 Bb7 14. a3 Qc7 15. Qg3 Rfd8 16. Bh6 Bf8 17. Bg5 Qe7 18. Qh4 h6 19. Bxf6 Qxf6 20. Qxf6 gxf6 1-0

[Event "Andalucia-ch U10 1011"]
[Site "Almeria"]
[Date "2011.03.26"]
[Round "5.4"]
[White "Romero Cruz, Juan"]
[Black "Gonzalez Serrato, Diego"]
[Result "0-1"]
[WhiteElo "1482"]
[BlackElo "1411"]
[PlyCount "105"]
[EventDate "2011.03.25"]
[EventType "swiss"]
[EventRounds "9"]
[EventCountry "ESP"]
[SourceTitle "EXT 2024"]
[Source "ChessBase"]
[SourceDate "2023.10.10"]
[SourceVersion "1"]
[SourceVersionDate "2023.10.10"]
[SourceQuality "1"]

1. e4 e6 2. d4 d5 3. Nc3 dxe4 4. Nxe4 Bd7 5. Nf3 Bc6 6. Bd3 Nd7 7. 0-0 Ngf6 8. Bg5 Be7 9. Re1 0-0 10. Qd2 Bxe4 11. Bxe4 Nxe4 12. Rxe4 Bxg5 13. Qxg5 Qxg5 14. Nxg5 c5 15. Rd1 Rac8 16. dxc5 Nxc5 17. Rc4 Rfd8 18. Rxd8+ Rxd8 19. h3 b6 20. b4 Nd7 21. Rc7 h6 22. Nf3 Nf6 23. Rxa7 Rd1+ 24. Kh2 Rb1 25. Ra4 b5 26. Ra8+ Kh7 27. Rf8 Rxb4 28. Rxf7 Rb2 29. Nd4 Rxa2 30. Nxb5 Rxc2 31. Nd4 Rxf2 32. Nxe6 Ng4+ 33. hxg4 Rxf7 34. g5 Re7 35. Nf8+ Kg8 36. Ng6 Re6 37. Nf4 Re5 38. gxh6 gxh6 39. Kh3 Kg7 40. Kh4 Re4 41. Kg3 Kf6 42. Kf3 Kf5 43. g4+ Ke5 44. Nd3+ Kd4 45. Nf2 Re8 46. Nh3 Ke5 47. Nf2 Kf6 48. Ne4+ Kg6 49. Kf4 Rb8 50. g5 h5 51. Nf2 Rf8+ 52. Kg3 Kxg5 53. Nh3+ 0-1

[Event "Andalucia-ch U10 1011"]
[Site "Almeria"]
[Date "2011.03.25"]
[Round "2.1"]
[White "Munoz Pelaez, Manuel"]
[Black "Romero Cruz, Juan"]
[Result "1-0"]
[WhiteElo "1803"]
[BlackElo "1482"]
[PlyCount "107"]
[EventDate "2011.03.25"]
[EventType "swiss"]
[EventRounds "9"]
[EventCountry "ESP"]
[SourceTitle "EXT 2024"]
[Source "ChessBase"]
[SourceDate "2023.10.10"]
[SourceVersion "1"]
[SourceVersionDate "2023.10.10"]
[SourceQuality "1"]

1. e4 d5 2. exd5 Qxd5 3. Nc3 Qa5 4. d4 Nf6 5. Bd3 c6 6. Nf3 Bg4 7. 0-0 e6 8. h3 Bh5 9. Ne4 Nxe4 10. Bxe4 Bd6 11. Re1 0-0 12. c3 Nd7 13. Bg5 h6 14. Bd2 Rad8 15. Qc1 Nf6 16. Ne5 c5 17. Nc4 Qc7 18. Nxd6 Qxd6 19. Bf4 Qb6 20. dxc5 Qxc5 21. Bxb7 Qb5 22. Bf3 Bxf3 23. gxf3 Qh5 24. Kg2 Rd3 25. Re3 Rxe3 26. fxe3 e5 27. Bg3 Qg6 28. e4 Nh5 29. Qe1 Qg5 30. Rd1 Rb8 31. b3 Rc8 32. c4 Rc6 33. h4 Qe7 34. Kh2 Qa3 35. Qd2 Rg6 36. Bxe5 Qe7 37. Qd8+ Qxd8 38. Rxd8+ Kh7 39. Rd6 Rxd6 40. Bxd6 Nf6 41. c5 Nd7 42. a4 a5 43. c6 Nb6 44. Bc7 Nc8 45. Bxa5 Ne7 46. c7 Nc8 47. b4 Kg8 48. b5 Kf8 49. b6 Ke7 50. b7 Kd7 51. b8Q Nd6 52. Qd8+ Kc6 53. c8Q+ Nxc8 54. Qxc8+ 1-0

[Event "Benidorm New Generation U12 06th"]
[Site "Benidorm"]
[Date "2010.12.07"]
[Round "5"]
[White "Romero Cruz, Juan"]
[Black "Alonso Vara, Laura"]
[Result "0-1"]
[WhiteElo "1349"]
[BlackElo "1639"]
[PlyCount "100"]
[EventDate "2010.12.04"]
[EventType "swiss"]
[EventRounds "7"]
[EventCountry "ESP"]
[SourceTitle "EXT 2024"]
[Source "ChessBase"]
[SourceDate "2023.10.10"]
[SourceVersion "1"]
[SourceVersionDate "2023.10.10"]
[SourceQuality "1"]

1. e4 c5 2. Nf3 d6 3. d4 cxd4 4. Nxd4 Nf6 5. Nc3 a6 6. Bg5 e6 7. f3 Be7 8. Qd2 Qc7 9. 0-0-0 Bd7 10. Kb1 Nc6 11. Bc4 Rc8 12. Rhe1 Nxd4 13. Qxd4 Qxc4 14. e5 Qxd4 15. Rxd4 dxe5 16. Rxe5 0-0 17. Re3 Bc5 18. Bxf6 gxf6 19. Rg4+ Kh8 20. Rd3 Bc6 21. f4 Rg8 22. h3 Rxg4 23. hxg4 Bb4 24. Ne2 Bxg2 25. Rd7 Kg7 26. Ng3 Ba5 27. Nh5+ Kg6 28. c3 Rd8 29. f5+ exf5 30. Rxd8 Bxd8 31. Nf4+ Kg5 32. Nxg2 fxg4 33. Kc2 h5 34. Kd3 h4 35. Ke2 h3 36. Ne3 h2 37. Kf2 h1Q 38. Ke2 Qh2+ 39. Kd3 Qg3 40. Kd4 Bb6+ 41. Kc4 Qxe3 42. Kb3 g3 43. a4 g2 44. a5 Bxa5 45. Ka3 Bxc3 46. bxc3 Qxc3+ 47. Ka2 Qc4+ 48. Ka3 g1R 49. Kb2 Rg2+ 50. Ka1 Qc1# 0-1

[Event "ESP-ch U10"]
[Site "Linares"]
[Date "2010.06.30"]
[Round "3.3"]
[White "Romero Cruz, Juan"]
[Black "Porta Tovar, Guillem"]
[Result "0-1"]
[WhiteElo "1353"]
[BlackElo "1648"]
[PlyCount "90"]
[EventDate "2010.06.29"]
[EventType "swiss"]
[EventRounds "9"]
[EventCountry "ESP"]
[SourceTitle "EXT 2024"]
[Source "ChessBase"]
[SourceDate "2023.10.10"]
[SourceVersion "1"]
[SourceVersionDate "2023.10.10"]
[SourceQuality "1"]

1. e4 e5 2. Nf3 Nc6 3. Bc4 Bc5 4. b4 Bxb4 5. c3 Bd6 6. d4 Nf6 7. 0-0 h6 8. Qb3 0-0 9. Qb5 exd4 10. cxd4 Nxe4 11. Re1 Nf6 12. Nc3 b6 13. Qf5 Bb4 14. Bb2 Bxc3 15. Bxc3 d5 16. Qd3 dxc4 17. Qxc4 Qd5 18. Qa4 Bd7 19. Qc2 Rfe8 20. Ne5 Nxd4 21. Qd2 c5 22. f4 Bf5 23. Rad1 Bc2 24. Rc1 Ne4 25. Qe3 f6 26. Ng6 Kh7 27. f5 Nxf5 28. Qf3 Nxc3 29. Qxc3 Qd4+ 30. Qxd4 Rxe1+ 31. Rxe1 Nxd4 32. Nf4 Ba4 33. Re4 Re8 34. Rxe8 Bxe8 35. Nd5 Bf7 36. Nc3 b5 37. Ne4 c4 38. Nf2 c3 39. Nd3 c2 40. a3 Bc4 41. Nb2 c1Q+ 42. Kf2 Qf4+ 43. Ke1 Qe3+ 44. Kd1 Qe2+ 45. Kc1 Qc2# 0-1